000 00514nam a22001817a 4500
003 OSt
005 20180116183007.0
008 150810b xxu||||| |||| 00| 0 eng d
020 _a9788126551613
040 _ca
082 _a658.834 TAN 2014
100 _aJohn F. Tanner Jr
245 _aAnalytics and Dynamic Customer Strategy
_bBig Profits from Big Data
_cJohn F. Tanner Jr
260 _aIndia
_bWiley
_c2014
300 _a235 p.
_bPB
440 _aAnalytics and Dynamic Customer Strategy
942 _2ddc
_cBK
999 _c350114
_d350114